000 01332cam a2200373 i 4500
001 768714001
003 CO-MdFUSB
005 20210303112604.0
007 ta
008 890403t1989 caua 000 0 eng
010 _a89084054
020 _a0898702623
020 _a9780898702620
040 _aDLC
_beng
_erda
_cCO-MdFUSB
_dCUF
_dCO-MdFUSB
_dBAKER
_dBTCTA
_dYDXCP
_dDEBBG
_dLEB
_dOCLCO
_dOCLCA
_dOCLCQ
_dOCLCA
_dOCLCF
_dCAP
_dUtOrBLW
041 _aeng
082 _223
_a223.06
_bK921
100 1 _aKreeft, Peter,
_eautor
245 1 0 _aThree philosophies of life :
_bEcclesiastes--life as vanity, Job--life as suffering, Song of Songs--life as love
_c/ Peter Kreeft.
246 3 _a3 philosophies of life.
264 1 _aSan Francisco :
_bIgnatius Press,
_c[1989]
264 4 _c© 1989
300 _a140 páginas :
_bilustraciones ;
_c21 cm.
336 _atexto
_btxt
_2rdacontent.
337 _asin mediación
_bn
_2rdamedia.
338 _avolumen
_bnc
_2rdacarrier.
505 _aEclesiastés: vida como vanidad - Job: vida como sufrimiento - Cantar de los Cantares: vida como amor.
563 _aRústico
630 0 7 _aBiblia.
_pAntiguo Testamento
630 7 _aBiblia.
_pLibros Poéticos
_xCrítica, interpretación, etc.
942 _cBK
945 _aJTF-925
999 _c66260
_d66260